Nhóm tuyến tính Chuyên đề cao học
Zapisane w:
| 1. autor: | |
|---|---|
| Format: | Książka |
| Język: | Undetermined |
| Wydane: |
Tp. HCM
ĐHQG
1999
|
| Hasła przedmiotowe: | |
| Etykiety: |
Dodaj etykietę
Nie ma etykietki, Dołącz pierwszą etykiete!
|
| Thư viện lưu trữ: | Trung tâm Học liệu Trường Đại học Cần Thơ |
|---|
| LEADER | 00487nam a2200181Ia 4500 | ||
|---|---|---|---|
| 001 | CTU_47983 | ||
| 008 | 210402s9999 xx 000 0 und d | ||
| 082 | |a 512.5 | ||
| 082 | |b H103 | ||
| 100 | |a BÙI XUÂN HẢI | ||
| 245 | 0 | |a Nhóm tuyến tính | |
| 245 | 0 | |b Chuyên đề cao học | |
| 245 | 0 | |c BÙI XUÂN HẢI | |
| 260 | |a Tp. HCM | ||
| 260 | |b ĐHQG | ||
| 260 | |c 1999 | ||
| 650 | |a linear algebraic groups | ||
| 980 | |a Trung tâm Học liệu Trường Đại học Cần Thơ | ||